000 00394pab a2200169 454500
008 180718b2010 xxu||||| |||| 00| 0 eng d
100 _aMukhim, Patricia Mary
245 _aNorth East: Women and livelihood issues
260 _c2010
300 _ap.37-39.
362 _aDec
650 _aWomen - India, North East
650 _aWomen
773 _aYojana
908 _aN
909 _a89840
999 _c89840
_d89840